|
|
|
|
| LEADER |
01529nam a2200361 a 4500 |
| 001 |
EBC3042124 |
| 003 |
MiAaPQ |
| 005 |
20200520144314.0 |
| 006 |
m o d | |
| 007 |
cr cn||||||||| |
| 008 |
061013s2006 gw a sb 001 0dger d |
| 010 |
|
|
|z 2006506772
|
| 020 |
|
|
|z 3110189208
|
| 020 |
|
|
|z 9783110189209
|
| 020 |
|
|
|z 9783110891621 (e-book)
|
| 035 |
|
|
|a (MiAaPQ)EBC3042124
|
| 035 |
|
|
|a (Au-PeEL)EBL3042124
|
| 035 |
|
|
|a (CaPaEBR)ebr10598112
|
| 035 |
|
|
|a (OCoLC)922945039
|
| 040 |
|
|
|a MiAaPQ
|c MiAaPQ
|d MiAaPQ
|
| 050 |
|
4 |
|a BR65.C65
|b P375 2006
|
| 100 |
1 |
|
|a Pujiula, Martin.
|
| 245 |
1 |
0 |
|a Korper und christliche Lebensweise
|h [electronic resource] :
|b Clemens von Alexandreia und sein Paidagogos /
|c von Martin Pujiula.
|
| 260 |
|
|
|a Berlin ;
|a New York :
|b de Gruyter,
|c 2006.
|
| 300 |
|
|
|a xii, 420 p. :
|b ill.
|
| 490 |
1 |
|
|a Millennium-Studien zu Kultur und Geschichte des ersten Jahrtausends n. Chr. = Millenium studies in the culture and history of the first millennium C.E.,
|x 1862-1139 ;
|v Bd. 9
|
| 504 |
|
|
|a Includes bibliographical references and indexes.
|
| 533 |
|
|
|a Electronic reproduction. Ann Arbor, MI : ProQuest, 2015. Available via World Wide Web. Access may be limited to ProQuest affiliated libraries.
|
| 600 |
0 |
0 |
|a Clement,
|c of Alexandria, Saint,
|d ca. 150-ca. 215.
|t Paedagogus.
|
| 655 |
|
4 |
|a Electronic books.
|
| 710 |
2 |
|
|a ProQuest (Firm)
|
| 830 |
|
0 |
|a Millennium-Studien ;
|v Bd. 9.
|
| 856 |
4 |
0 |
|u https://ebookcentral.proquest.com/lib/matrademy/detail.action?docID=3042124
|z Click to View
|